| 000 | 01980nam a2200277Ia 4500 | ||
|---|---|---|---|
| 003 | OSt | ||
| 005 | 20250530144704.0 | ||
| 008 | 241129s9999||||xx |||||||||||||| ||und|| | ||
| 020 | _a9781032667874 | ||
| 040 |
_aSDCL _beng _cSDCL |
||
| 041 |
_aeng _2eng |
||
| 084 |
_aY R4 _qSDCL |
||
| 245 | 0 |
_aWriting in times of displacement : _bThe existential and other discourses |
|
| 260 |
_aLondon : _bRoutledge, _c2024. |
||
| 300 | _axvi, 266p. | ||
| 365 |
_aINR _b1295 |
||
| 520 | _aThis book presents diverse, composite, non-exclusive and non-hierarchical perspectives on displacement of people as represented in literature. It examines the experiences of migration as a result of wars, natural disasters, religious strife, loss of livelihoods and shifts in local and global economies and the vulnerabilities they expose. Bringing together scholarly insights into literature about displacement and migration from Africa, Europe, Asia, and the Middle East, the book interrogates the development frames of Western modernity and situates displacement within the discourse of disenfranchisement of citizens by nation-states. It explores the experiences, memories and expressions of displacement in literature and how literary works critique ethical and moral responsibilities of states and communities that often do not account for the loss which displacement causes to the health, education, career, or relationships of displaced people. The volume will be of great interest to scholars and researchers of literature, philosophy, migration and diaspora studies, development studies, African studies and Asian studies. | ||
| 650 |
_aSocial Science / Emigration & Immigration _9811214 |
||
| 650 |
_aSocial Science / Ethnic Studies / General _9811215 |
||
| 650 |
_aSocial Science / Regional Studies _9811216 |
||
| 700 |
_aMbuh, Mbuh Tennu _9811217 |
||
| 700 |
_aChakravorty, Meera _926184 |
||
| 700 | _aClammer, John | ||
| 942 |
_cTEXL _2CC _n0 |
||
| 999 |
_c1233935 _d1233935 |
||